000 00638nam a22001937a 4500
003 OSt
005 20251024010654.0
008 251007b |||||||| |||| 00| 0 eng d
020 _a978-971-581-186-6.
040 _aDWCL-Main lib
_cOC
082 _aFil. 662.74 P346h 2006
100 _aPaypa, Severino S.
245 _aHealing wonders of charcoal :
_ba realistic guide to effective charcoal therapy
260 _aCaloocan City :
_bPhilippine Pub. House,
_cc2006.
300 _a123 pages :
_billustration ;
_c22 cm.
504 _aIncludes bibliographical references and index.
650 _21. Charcoal.
942 _2ddc
_cBK - FIL
_kFil.
_n0
999 _c4682
_d4682